000 00744nam a2200289Ia 4500
005 20260324123811.0
008 008 260324s9999 xx 000 0 eng d
020 _a9781315064017
037 _aEBOOK
040 _aCRL
040 _beng
040 _cCRL
041 _2eng
041 _aeng
084 _qCRL
100 _aC Leroy Quance; Glenn Johnson
_91171696
245 4 _aThe Overproduction Trap in U.S. Agriculture
245 2 _bA Study of Resource Allocation from World War I to the Late 1960's
260 _bTaylor and Francis
260 _c2011
365 _a
365 _b170
856 _uhttp://www.taylorfrancis.com/books/9781315064017
942 _cEBOOK
999 _c1765530
_d1765530